LEADER 01131nam0 22002891i 450 001 UON00339411 005 20231205104252.689 100 $a20091020d1957 |0itac50 ba 101 $afre 102 $aFR 105 $a|||| 1|||| 200 1 $aˆLe ‰Huysmans intime de Henry Céard et Jean de Caldain$eavec de nombreux inédits et une préface de René Dumesnil 210 $aParis$cNizet$d1957 215 $a245 p.$d19 cm. 606 $aHUYSMANS JORIS-KARL$3UONC043142$2FI 606 $aCÉARD, HENRY$3UONC073523$2FI 606 $aCALDAIN, JEAN de$3UONC073761$2FI 620 $aFR$dParis$3UONL002984 676 $a844$cLetteratura francese. Saggi$v21 700 1$aCOGNY$bPierre$3UONV120909$0172893 712 $aNizet$3UONV266165$4650 801 $aIT$bSOL$c20240220$gRICA 899 $aSIBA - SISTEMA BIBLIOTECARIO DI ATENEO$2UONSI 912 $aUON00339411 950 $aSIBA - SISTEMA BIBLIOTECARIO DI ATENEO$dSI Francese V B HUY COG $eSI SFR2656 5 996 $aHuysmans intime de Henry Céard et Jean de Caldain$91362452 997 $aUNIOR LEADER 00790nam a2200193 i 4500 001 991004266836807536 005 20230310140057.0 008 011002s1977 it e 000 0 ita c 040 $aBibl. Dip.le Aggr. Scienze Economia - Sez. Settore Economico 082 0 $a658.1522 100 1 $aNanula, Gaetano$0110435 245 03$aLa rivalutazione monetaria dei cespiti patrimoniali delle imprese :$baspetti civili, fiscali, contabili ed economico-finanziari /$cGaetano Nanula. 260 $aMilano :$bGiuffrè,$c1977. 300 $aVII, [1], 477 p.$btab.$c25 cm 490 0 $aL'ordinamento tributario italiano 650 7$aImprese$xCapitale$xRivalutazione monetaria 912 $a991004266836807536 996 $aRivalutazione monetaria dei cespiti patrimoniali delle imprese$946249 997 $aUNISALENTO